[Event "Mondariz Balneario Cemar op 4th"]
[Site "Mondariz"]
[Date "2017.08.18"]
[Round "3"]
[White "Ladron de Guevara Pinto, Miguel"]
[Black "Monge Lorenzo, Manuel"]
[Result "1-0"]
[WhiteElo "2099"]
[BlackElo "1584"]
[PlyCount "41"]
[EventDate "2017.08.16"]
[EventType "swiss"]
[EventRounds "9"]
[EventCountry "ESP"]
[SourceTitle "CBM 180 Extra"]
[Source "ChessBase"]
[SourceDate "2017.10.06"]
[SourceVersion "1"]
[SourceVersionDate "2017.10.06"]
[SourceQuality "1"]

1. d4 d6 2. Nf3 Nd7 3. c4 Ngf6 4. Nc3 c6 5. e4 Qc7 6. Be2 e5 7. 0-0 Be7 8. Be3 Nf8 9. Qc2 Ng6 10. Rfd1 Bg4 11. h3 Bxf3 12. Bxf3 h5 13. Rd2 h4 14. Qd1 0-0-0 15. d5 Kb8 16. b4 Nh7 17. dxc6 Bg5 18. Nb5 Qxc6 19. Bxa7+ Ka8 20. Qa4 Rd7 21. Bb6+ 1-0